000
00317nam a2200133Ia 4500
005
20251222155147.0
008
251222s9999||||xx |||||||||||||| ||spa||
082
_a
ETI.155
100
_a
HERRERA, Hilda.
245
0
_a
Nuevo manual de urbanidad y valores
250
_a
1ra. ed.
264
_b
Ed. Crapsa
942
_c
LIB
999
_c
39401
_d
39401